000 00321nam a22001457a 4500
008 230831b ||||| |||| 00| 0 eng d
020 _a9781413020328
041 _aeng
080 _a070
082 _a070SAN
100 _a19
101 _aMK
245 _aACTIVE SKILLS FOR COMMUNICATION
_cSANDY.CH
942 _2udc
_cBK
999 _c60217
_d60217